| 000 | 00483 a2200133 4500 | ||
|---|---|---|---|
| 082 | _aMS-IT-9 | ||
| 100 |
_aSundas Hamid _999031 |
||
| 245 |
_aDetection of probing attacks in SWAF _cSundas Hamid |
||
| 260 |
_aIslamabad _bNUST-SEECS _c2012 |
||
| 300 |
_a48p. _b;ill. _c;27cm.+ _eCD ROM |
||
| 500 | _aSupervisors: Dr. Hafiz Farooq Ahmad, Dr. Khalid Latif, Mr. Ammar Karim, Ms. Sana Khalique | ||
| 856 | _uhttp://10.250.8.41:8080/xmlui/handle/123456789/10237 | ||
| 942 |
_cPR _kMS-IT-9 SUN _2ddc |
||
| 999 |
_c11344 _d11344 |
||